| 000 | 01708nam a2200397 a 4500 | ||
|---|---|---|---|
| 001 | ebr10442046 | ||
| 003 | CaPaEBR | ||
| 006 | m u | ||
| 007 | cr cn||||||||| | ||
| 008 | 080904s2009 nju s 000 0 eng d | ||
| 010 | _z 2008039006 | ||
| 020 | _z9780691141374 (hbk. : alk. paper) | ||
| 020 | _z0691141371 (hbk. : alk. paper) | ||
| 020 | _z9780691141381 (pbk. : alk. paper) | ||
| 020 | _z069114138X (pbk. : alk. paper) | ||
| 020 | _z9781400833214 (e-book) | ||
| 040 |
_aCaPaEBR _cCaPaEBR |
||
| 035 | _a(OCoLC)703155073 | ||
| 043 | _as-uy--- | ||
| 050 | 1 | 4 |
_aK3240 _b.K455 2009eb |
| 082 | 0 | 4 |
_a341.4/8 _222 |
| 100 | 1 |
_aKennedy, David, _d1954- |
|
| 245 | 1 | 4 |
_aThe rights of spring _h[electronic resource] : _ba memoir of innocence abroad / _cDavid Kennedy. |
| 260 |
_aPrinceton, N. J. : _bPrinceton University Press, _cc2009. |
||
| 300 | _ax, 105 p. | ||
| 505 | 0 | _aIntroduction -- Thinking ahead -- Crossing over -- Professional roles -- Direct examination : telling Ana's story -- Cross-examination : the doctor's tale -- The men of libertad -- Transition : preparing to act -- A moment of advocacy -- The aftermath. | |
| 533 |
_aElectronic reproduction. _bPalo Alto, Calif. : _cebrary, _d2013. _nAvailable via World Wide Web. _nAccess may be limited to ebrary affiliated libraries. |
||
| 650 | 0 | _aHuman rights. | |
| 650 | 0 | _aHuman rights advocacy. | |
| 650 | 0 | _aHuman rights workers. | |
| 650 | 0 |
_aHuman rights _zUruguay. |
|
| 650 | 0 |
_aPolitical prisoners _zUruguay. |
|
| 655 | 7 |
_aElectronic books. _2local |
|
| 710 | 2 | _aebrary, Inc. | |
| 856 | 4 | 0 |
_uhttp://site.ebrary.com/lib/rucke/Doc?id=10442046 _zAn electronic book accessible through the World Wide Web; click to view |
| 999 |
_c135481 _d135481 |
||